00912 2200301 4500001002100000005001500021007000300036008004100039020001800080035002000098040001600118041000800134082001000142090002200152100003100174245007900205250002100284264004100305300003900346336002100385337003000406338002300436650005200459700004100511850001000552990002400562990002400586INLIS00000000000442620260526103855ta260526 0  a979-763-100-1 a0010-0122000058 aSBUPADbind0 aind a005.3 a005.3 WAH t L1-100 aWahana komputerePengarang1 aTutorial Lima Hari Membuat Simulasi Interaktif Dengan Macromedia Captivate a.-Ed. 1, Cet. 10 a.--Yogyakarta :bANDI Offset,c2008. axii, 212 hal :billus. ;c16x23 cm 2rdacontentaTeks 2rdamediaaTanpa Perantara 2rdacarrieraVolume 4aTeknologi Informasi; Membuat Simulasi Captivate1 aEditor,FI.Sigit SuyantoroePengarang aPUPAD a6002/ARPUS/PDG/2008 a6005/ARPUS/PDG/2008